000
00200 a2200097 4500
001
30173
100
_a
Golding, W
245
_a
The spire
260
_a
London
_b
Faber & Faber
_c
090
_c
20116
_d
20116
942
_a
NUST-CAE
_c
_c
11244
999
_c
265246
_d
265246